| 000 | 02356cam a22005534i 4500 | ||
|---|---|---|---|
| 003 | PE-LiUPU | ||
| 005 | 20250731180107.0 | ||
| 008 | 150625s r 000 0 d | ||
| 020 | _a84 283 0855 1 | ||
| 035 | _a(Sirsi) i9788428308557 | ||
| 040 |
_aPE-LiUPU _bspa _cPE-LiUPU _erda |
||
| 049 | _aPRUA | ||
| 082 | 0 | 4 |
_a517 _bD54 _221 |
| 100 | 1 |
_aDemidóvich, B. P., _eautor. |
|
| 245 | 1 | 0 |
_a5000 problemas de análisis matemático / _cB. P. Demidóvich. |
| 250 | _a7a | ||
| 264 | 1 |
_aMadrid : _bParaninfo, _c1998. |
|
| 300 |
_a600 páginas : _bilustraciones, gráficos diágramas tablas ; _c22 centímetros |
||
| 336 |
_atext _2rdacontent |
||
| 337 |
_aunmediated _2rdamedia |
||
| 338 |
_avolume _2rdacarrier |
||
| 505 | 0 | _aFunciones de una variable independiente: Introducción al análisis. Cálculo diferencial de las funciones de una variable. Integral indefinida. Integral definida. Series. -Funciones de varias variables: Cálculo diferencial de las funciones de varias variables. Integrales paramétricas. Integrales múltiples y curvilíneas. Constantes principales. | |
| 526 | _aSEG44 | ||
| 526 | _aSEG26 | ||
| 526 | _aP159 | ||
| 526 | _aP155 | ||
| 526 | _aP154 | ||
| 526 | _aP153 | ||
| 526 | _aP150 | ||
| 526 | _aP100 | ||
| 526 | _aP31 | ||
| 526 | _aP30 | ||
| 526 | _aP26 | ||
| 526 | _aP25 | ||
| 526 | _aP24 | ||
| 526 | _aP22 | ||
| 526 | _aP15 | ||
| 526 | _aP10 | ||
| 541 | _g0014-013686; | ||
| 650 | 0 | 4 |
_aAnálisis matemático _xProblemas. |
| 910 |
_cgl-nm _d20050915 |
||
| 942 |
_2ddc _cBOOK |
||
| 949 |
_a515.1 D54 1997 _wDEWEY _c1 _i44157 _d2016-11-6 _e2016-11-2 _lCCODEBUL1 _mBUL _n2 _r0 _sY _tBOOK _u2015-6-24 _xINGENIERIA _zUNKNOWN _0COMPRA _o.STAFF. Colección General |
||
| 949 |
_a517 D54 _wDEWEY _c1 _i55702 _d2015-11-18 _e2015-11-12 _lCCODEBUL1 _mBUL _n1 _p27.00 _r0 _sY _tBOOK _u2015-6-25 _xINGENIERIA _zUNKNOWN _0COMPRA _o.STAFF. Colección General |
||
| 994 |
_aC0 _bPEPRU |
||
| 596 | _a1 | ||
| 999 |
_a515.1 D54 1997 _wDEWEY _c21033 _i44157 _d21033 _e2016-11-2 _f2021-11-5 _g7 _lCCODEBUL1 _mBUL _n2 _r0 _sY _tBOOK _u2015-6-24 _xBIBLIOTECA _zUNKNOWN _0COMPRA _o.STAFF. Colección General |
||
| 999 |
_a517 D54 _wDEWEY _c1 _i55702 _d2018-9-24 _e2018-9-20 _f2021-11-9 _g7 _lCCODEBUL1 _mBUL _n2 _p27.00 _q2 _r0 _sY _tBOOK _u2015-6-25 _xINGENIERIA _zUNKNOWN _0COMPRA _o.STAFF. Colección General |
||
| 980 |
_81 _gALBERTO SANCHEZ Responsable de Automatización |
||